书目信息 |
| 题名: |
邓小平理论、“三个代表”重要思想与中国经济
|
|
| 作者: | 夏声川 主编 | |
| 分册: | ||
| 出版信息: | 上海 上海交通大学出版社 2005 |
|
| 页数: | 355页 | |
| 开本: | 21cm | |
| 丛书名: | ||
| 单 册: | ||
| 中图分类: | A849.166 | |
| 科图分类: | ||
| 主题词: | 经济体制改革--研究--中国 , 社会主义经济 , 经济体制改革 , 经济理论 | |
| 电子资源: | ||
| ISBN: | 7-313-04276-0 | |
| 000 | 01161nam0 2200277 450 | |
| 001 | 003055554 | |
| 005 | 20061115170209.01 | |
| 010 | @a7-313-04276-0@dCNY23.00 | |
| 100 | @a20060104d2005 em y0chiy0110 ea | |
| 101 | 0 | @achi |
| 102 | @aCN@b310000 | |
| 105 | @ay z 000yy | |
| 200 | 1 | @a邓小平理论、“三个代表”重要思想与中国经济@9deng xiao ping li lun 、 “ san ge dai biao ” zhong yao si xiang yu zhong guo jing ji@f夏声川主编 |
| 210 | @a上海@c上海交通大学出版社@d2005 | |
| 215 | @a355页@d21cm | |
| 330 | @a本书阐述了邓小平理论与“三个代表”重要思想产生的历史渊源和所包含的各方面主要内容,着重阐述了邓小平理论与“三个代表”重要思想对中国经济体制改革和中国社会主义市场经济体制形成的指导作用,并从理论研究和改革实践的有机结合上对当代中国经济的基本制度和市场经济的运行体制及其发展趋势进行了系统论述。 | |
| 600 | 0 | @a邓小平@f(1904~1997)@x社会主义经济@x经济理论@x研究 |
| 600 | 0 | @a邓小平@f(1904~1997) |
| 606 | 0 | @a经济体制改革@x研究@y中国 |
| 606 | 0 | @a社会主义经济 |
| 606 | 0 | @a经济体制改革 |
| 606 | 0 | @a经济理论 |
| 690 | @aA849.166@v4 | |
| 701 | 0 | @a夏声川@9xia sheng chuan@4主编 |
| 801 | 0 | @aCN@bNLC@c20061115 |
| 905 | @a10447@dA849.166@e32 | |
| 邓小平理论、“三个代表”重要思想与中国经济/夏声川主编.-上海:上海交通大学出版社,2005 |
| 355页;21cm |
| ISBN 7-313-04276-0:CNY23.00 |
| 本书阐述了邓小平理论与“三个代表”重要思想产生的历史渊源和所包含的各方面主要内容,着重阐述了邓小平理论与“三个代表”重要思想对中国经济体制改革和中国社会主义市场经济体制形成的指导作用,并从理论研究和改革实践的有机结合上对当代中国经济的基本制度和市场经济的运行体制及其发展趋势进行了系统论述。 |
| ● |
| 相关链接 |
|
|
|
|
正题名:邓小平理论、"三个代表"重要思想与中国经济
索取号:A849.166/32
 
预约/预借
| 序号 | 登录号 | 条形码 | 馆藏地/架位号 | 状态 | 备注 |
| 1 | 0391334 | 203913346 | 第一样本阅览室/ [索取号:A849.166/32] | 在馆 | |
| 2 | 0391335 | 203913355 | 第一借阅区/ [索取号:A849.166/32] | 在馆 | |
| 3 | 0391336 | 203913364 | 第一借阅区/ [索取号:A849.166/32] | 在馆 | |
| 4 | 0391337 | 203913373 | 第一借阅区/ [索取号:A849.166/32] | 在馆 | |
| 5 | 0391338 | 203913382 | 第一借阅区/ [索取号:A849.166/32] | 在馆 |